| 000 | 00344nam a2200121Ia 4500 | ||
|---|---|---|---|
| 008 | 220216s9999 xx 000 0 und d | ||
| 245 | 0 | _aRubber-soled footwear : Growing interest in the moulding process | |
| 260 |
_bRubber Developments _c1953 |
||
| 300 | _a17-Nov | ||
| 650 | _aMoulding process | ||
| 650 | _aRubber-soled footwear | ||
| 942 | _cJS | ||
| 999 |
_c68309 _d68309 |
||